Circuitos de transistores / (Record no. 49825)

MARC details
000 -LEADER
campo de control de longitud fija 00510nam a2200169 i 4500
001 - NÚMERO DE CONTROL
campo de control 49825
003 - IDENTIFICADOR DE NÚMERO DE CONTROL
campo de control ES-MaACL
005 - FECHA Y HORA DE LA ÚLTIMA TRANSACCIÓN
campo de control 20230906162053.0
007 - CAMPO FIJO DE DESCRIPCIÓN FÍSICA--INFORMACIÓN GENERAL
campo de control de longitud fija t|
008 - DATOS DE LONGITUD FIJA--INFORMACIÓN GENERAL
campo de control de longitud fija 030724s1971 sp ||||1| spa d
100 1# - ENTRADA PRINCIPAL--NOMBRE DE PERSONA
Nombre de persona Cowles, Laurence G.
9 (RLIN) 41383
245 10 - MENCIÓN DEL TÍTULO
Título Circuitos de transistores /
Mención de responsabilidad, etc. por Laurence G. Cowles ; [versión, Ramón Barbat].
260 ## - PUBLICACIÓN, DISTRIBUCIÓN, ETC.
Lugar de publicación, distribución, etc. Barcelona :
Nombre del editor, distribuidor, etc. Gustavo Gili,
Fecha de publicación, distribución, etc. [1971]
300 ## - DESCRIPCIÓN FÍSICA
Extensión 408 p. :
Otras características físicas il. ;
Dimensiones 22 cm.
700 1# - ENTRADA AGREGADA--NOMBRE PERSONAL
Nombre de persona Barbat, Ramón.
9 (RLIN) 25390
852 ## - LOCALIZACIÓN
Ubicación ES-MaACL
Número de control de estantería C-45618
Sublocalización o colección R.77364
Holdings
Estatus retirado Estado de pérdida Estado de daño No para préstamo Biblioteca de origen Biblioteca actual Ubicación en estantería Fecha de adquisición Fuente de adquisición Total de préstamos Signatura topográfica completa Código de barras Visto por última vez Precio de reemplazo Tipo de ítem Koha
        Biblioteca del Ateneo de Madrid Biblioteca del Ateneo de Madrid Depósito 2 17/01/2008     C-45618 1052421 23/02/2023 23/02/2023 Libro impreso